[Event "33rd Rilton Cup"]
[Site "Stockholm SWE"]
[Date "2003.12.02"]
[Round "6"]
[White "Lehikoinen,P"]
[Black "Poley,V"]
[Result "0-1"]
[WhiteElo "2235"]
[BlackElo "2425"]
[EventDate "2003.12.27"]

1. d4 b5 2. e4 a6 3. Nf3 Bb7 4. Bd3 e6 5. O-O d6 6. Qe2 Nd7 7. c3 Be7 8. b3
Ngf6 9. Nbd2 e5 10. Bb2 O-O 11. dxe5 dxe5 12. c4 Nc5 13. Bc2 Re8 14. Bxe5
Ng4 15. Bg3 b4 16. h3 Nf6 17. Rad1 Nh5 18. Bh2 g6 19. Rfe1 a5 20. Qe3 a4
21. Ne5 Ra5 22. Ng4 Bg5 23. f4 Be7 24. Kh1 Qa8 25. Qd4 f6 26. Ne3 Ne6 27.
Qd7 Bd6 28. e5 Re7 29. Qxa4 fxe5 30. fxe5 Bc5 31. Nd5 Rxa4 32. bxa4 Rf7 33.
Ne4 Bf2 34. Re2 Nd4 35. Rxf2 Rxf2 36. Nxf2 Nxc2 37. Ne4 Ne3 38. Ndf6+ Nxf6
39. Nxf6+ Kf7 40. Rd7+ Ke6 41. Rxc7 Bxg2+ 42. Kg1 Qf3 0-1

[Event "33rd Rilton Cup"]
[Site "Stockholm SWE"]
[Date "2003.12.02"]
[Round "6"]
[White "Kiik,K"]
[Black "Haapasalo,JP"]
[Result "0-1"]
[WhiteElo "2433"]
[BlackElo "2146"]
[EventDate "2003.12.27"]

1. e4 c5 2. Nf3 e6 3. c3 Nf6 4. e5 Nd5 5. d4 cxd4 6. Qxd4 Nc6 7. Qe4 d6 8.
Bb5 Bd7 9. c4 Nc7 10. exd6 Bxd6 11. O-O Qe7 12. Nc3 h6 13. Bf4 e5 14. Nxe5
Nxb5 15. cxb5 Nxe5 16. Rfe1 f6 17. Bxe5 fxe5 18. Qg6+ Kf8 19. Rad1 Be6 20.
f4 h5 21. fxe5 Bc5+ 22. Kh1 Rh6 23. Qd3 Kg8 24. Ne4 Rf8 25. a3 h4 26. h3
Kh8 27. Qc3 Bb6 28. a4 Rg6 29. a5 Bc7 30. Re2 Rd8 31. Rde1 Bd5 32. Nd2 Rg3
33. Nf3 Bxf3 34. gxf3 Rxh3+ 35. Rh2 Rxh2+ 36. Kxh2 Qg5 0-1

[Event "33rd Rilton Cup"]
[Site "Stockholm SWE"]
[Date "2003.12.02"]
[Round "6"]
[White "Milanovic,Da"]
[Black "Nygren,D"]
[Result "1-0"]
[WhiteElo "2446"]
[BlackElo "2206"]
[EventDate "2003.12.27"]

1. d4 Nf6 2. c4 c5 3. d5 e6 4. Nc3 exd5 5. cxd5 d6 6. e4 g6 7. f4 Bg7 8.
Bb5+ Nfd7 9. a4 Qh4+ 10. g3 Qe7 11. Nf3 a6 12. Bd3 O-O 13. O-O Nf6 14. e5
dxe5 15. fxe5 Ng4 16. Bg5 f6 17. Bc4 Qe8 18. exf6 Bxf6 19. Re1 Qf7 20. Qe2
Qg7 21. Rad1 Kh8 22. Ne4 Bxb2 23. Nxc5 Ba3 24. Ne6 Bxe6 25. dxe6 Bc5+ 26.
Kg2 Nc6 27. h3 Nf6 28. Bc1 Bb4 29. Bb2 Bxe1 30. Rxe1 Ne7 31. Ng5 b5 32.
Nf7+ Kg8 33. Ba2 Rfc8 34. Rf1 Nf5 35. e7 Rc2 36. Qxc2 Ne3+ 37. Kg1 Nxc2 38.
Rxf6 Qxf6 39. Bxf6 h5 40. Ng5+ 1-0

[Event "33rd Rilton Cup"]
[Site "Stockholm SWE"]
[Date "2003.12.02"]
[Round "6"]
[White "Nordlund,J"]
[Black "Eriksson,Jon SWE"]
[Result "1/2-1/2"]
[WhiteElo "2145"]
[BlackElo "2296"]
[EventDate "2003.12.27"]

1. e4 c6 2. d4 d5 3. exd5 cxd5 4. Bd3 Nc6 5. c3 Nf6 6. Bf4 Bg4 7. Qb3 Qd7
8. Nd2 a6 9. Ngf3 Bxf3 10. Nxf3 e6 11. O-O Nh5 12. Bg5 Bd6 13. Rae1 h6 14.
Bd2 g5 15. Rxe6+ Qxe6 16. Re1 O-O-O 17. Rxe6 fxe6 18. Qb6 Bc7 19. Qc5 Bd6
20. Qb6 Bc7 21. Qc5 Rd6 22. b4 Nf6 23. b5 axb5 24. Qxb5 Ne4 25. Bxe4 dxe4
26. Ne1 Rhd8 27. Nc2 e5 28. Be3 Kb8 29. g3 Rd5 30. Qe2 Ra5 31. Qc4 exd4 32.
cxd4 Rad5 33. Nb4 Nxb4 34. Qxb4 R8d6 35. Qb1 Re6 36. Qb3 Red6 37. Qb1 Re6
38. Qb3 Red6 39. Qb1 1/2-1/2

[Event "33rd Rilton Cup"]
[Site "Stockholm SWE"]
[Date "2003.12.02"]
[Round "6"]
[White "Lindberg,Bo"]
[Black "Fries Nielsen,JO"]
[Result "1-0"]
[WhiteElo "2294"]
[BlackElo "2436"]
[EventDate "2003.12.27"]

1. d4 d5 2. c4 e6 3. Nc3 Bb4 4. Nf3 Ne7 5. cxd5 exd5 6. Bf4 O-O 7. e3 Ng6
8. Bg3 f5 9. Qb3 Nc6 10. Bb5 f4 11. exf4 Bxc3+ 12. Qxc3 Nxf4 13. O-O a6 14.
Bxf4 axb5 15. Bg3 b4 16. Qd2 Bf5 17. Ne5 Nxe5 18. Bxe5 Qe7 19. Rfe1 Ra6 20.
Rac1 c6 21. Bg3 Qd7 22. Qxb4 Rxa2 23. Re3 Rf7 24. Rce1 h6 25. h3 Kh7 26.
Re7 Rxe7 27. Rxe7 Rxb2 28. Qe1 Qd8 29. Qe5 Qf8 30. Bh4 Kg6 31. Qd6+ 1-0

[Event "33rd Rilton Cup"]
[Site "Stockholm SWE"]
[Date "2003.12.02"]
[Round "6"]
[White "Ernst,T"]
[Black "Korchnoi,V"]
[Result "1/2-1/2"]
[WhiteElo "2447"]
[BlackElo "2580"]
[EventDate "2003.12.27"]

1. e4 c5 2. Nf3 e6 3. d4 cxd4 4. Nxd4 Nf6 5. Nc3 d6 6. g4 h6 7. h3 a6 8.
Bg2 Bd7 9. Be3 Nc6 10. Qe2 Nxd4 11. Bxd4 e5 12. Be3 b5 13. a3 Rc8 14. Qd2
Qc7 15. f4 Qc4 16. Rf1 Be7 17. O-O-O a5 18. fxe5 b4 19. exf6 bxc3 20. Qxc3
Qxc3 21. bxc3 Bxf6 22. Rxf6 gxf6 23. Bd4 Rg8 24. Bxf6 Rg6 25. Rxd6 Rc6 26.
Rxc6 Bxc6 27. Bd4 Re6 28. Kd2 Bxe4 29. Bf1 f5 30. gxf5 Bxf5 31. c4 Rg6 32.
c5 Rg3 33. Be3 Bxh3 34. Bb5+ Ke7 35. Bxh6 Rxa3 36. c6 Bc8 37. c4 a4 38. Kc2
Bf5+ 39. Kb2 Rb3+ 40. Ka2 Bb1+ 41. Ka1 Bf5 42. Ka2 Be6 43. Bxa4 Rb4 44. Bb3
Bxc4 45. Bxc4 Rxc4 46. Kb3 Rxc6 47. Be3 Ke6 48. Bf2 Kd5 49. Bg1 1/2-1/2

[Event "33rd Rilton Cup"]
[Site "Stockholm SWE"]
[Date "2003.12.02"]
[Round "6"]
[White "Nataf,IA"]
[Black "Aagaard,J"]
[Result "1/2-1/2"]
[WhiteElo "2561"]
[BlackElo "2373"]
[EventDate "2003.12.27"]

1. e4 c5 2. Nf3 Nc6 3. d4 cxd4 4. Nxd4 Nf6 5. Nc3 e5 6. Ndb5 d6 7. Nd5 Nxd5
8. exd5 Nb8 9. a4 Be7 10. Be2 O-O 11. O-O Bf5 12. f4 exf4 13. Bxf4 Bg6 14.
a5 a6 15. Nd4 Nd7 16. c4 Re8 17. Bh5 Qc7 18. Bxg6 hxg6 19. b3 Bf6 20. Bg3
Nc5 21. Rf3 Ne4 22. Be1 Re7 23. Bb4 Rae8 24. Rc1 Qb8 25. Qd3 Qa7 26. Rd1
Nc5 27. Qd2 Re2 28. Qc3 Bxd4+ 29. Qxd4 R8e4 30. Bxc5 Rxd4 31. Bxd4 Qb8 32.
Re3 Rxe3 33. Bxe3 Qe8 34. Bf4 Qe7 35. h4 Kf8 36. g3 Ke8 37. Kf2 Qc7 38.
Re1+ Kd7 39. Bg5 f6 40. Bd2 Qc5+ 41. Re3 Qd4 42. Bc3 Qg4 43. Bd2 Qd1 44.
Bb4 Qc2+ 45. Ke1 Qb1+ 46. Ke2 Qc2+ 1/2-1/2

[Event "33rd Rilton Cup"]
[Site "Stockholm SWE"]
[Date "2003.12.02"]
[Round "6"]
[White "Acs,P"]
[Black "Hermansson,E"]
[Result "1/2-1/2"]
[WhiteElo "2593"]
[BlackElo "2422"]
[EventDate "2003.12.27"]

1. e4 c5 2. Nf3 Nc6 3. d4 cxd4 4. Nxd4 e6 5. Nb5 d6 6. c4 Nf6 7. N1c3 a6 8.
Na3 b6 9. Be2 Bb7 10. O-O Ne5 11. f3 Be7 12. Be3 O-O 13. Qe1 Qc7 14. Qf2
Ned7 15. Rac1 Rac8 16. Rfd1 Rfe8 17. Kh1 Qb8 18. Nab1 d5 19. cxd5 exd5 20.
Nxd5 Nxd5 21. exd5 Bd6 22. Rxc8 Rxc8 23. Nc3 Be5 24. Bxb6 Bxh2 25. d6 Bxd6
26. Ba7 Bc5 27. Bxb8 Bxf2 28. Ba7 Nc5 29. b4 Na4 30. Nxa4 Bxa7 31. Rd7 Bb8
32. Nc5 Bc6 33. Rd2 Bb5 34. Bxb5 axb5 35. g4 Ba7 36. Ne4 Kf8 37. a3 Be3 38.
Rd5 Rc1+ 39. Kg2 Rg1+ 40. Kh2 Ra1 41. g5 Rxa3 42. Rxb5 h6 43. gxh6 Bxh6 44.
Kg3 Ra1 45. Rb8+ 1/2-1/2

[Event "33rd Rilton Cup"]
[Site "Stockholm SWE"]
[Date "2003.12.02"]
[Round "6"]
[White "Kulaots,K"]
[Black "Franssila,T"]
[Result "1-0"]
[WhiteElo "2530"]
[BlackElo "2273"]
[EventDate "2003.12.27"]

1. e4 c5 2. Nf3 Nc6 3. d4 cxd4 4. Nxd4 Nf6 5. Nc3 e5 6. Ndb5 d6 7. Bg5 a6
8. Na3 b5 9. Bxf6 gxf6 10. Nd5 f5 11. Bd3 Be6 12. c3 Bxd5 13. exd5 Ne7 14.
Nxb5 Bg7 15. Na3 O-O 16. O-O e4 17. Bc2 Ng6 18. Kh1 Qg5 19. Qc1 Qh4 20. f4
exf3 21. Rxf3 f4 22. Nc4 Be5 23. Qd2 Qg4 24. Qf2 f5 25. Na5 Kh8 26. Nc6 Rg8
27. Rh3 f3 28. Qxf3 Nf4 29. Qxg4 Rxg4 30. Rg3 Rxg3 31. hxg3 Nxd5 32. Nxe5
dxe5 33. Bxf5 Rf8 34. g4 Ne3 35. Re1 Nxf5 36. gxf5 Rxf5 37. Kg1 Kg7 38. b4
Rg5 39. Rd1 Rg3 40. Rd7+ Kg6 41. Rc7 Rd3 42. a4 Kf5 43. b5 axb5 44. axb5
Ke4 45. b6 Rd1+ 46. Kf2 Rd2+ 47. Kg3 Rb2 48. b7 Rb3 49. Rc4+ 1-0

[Event "33rd Rilton Cup"]
[Site "Stockholm SWE"]
[Date "2003.12.02"]
[Round "6"]
[White "Bezold,M"]
[Black "Schlosser,P"]
[Result "0-1"]
[WhiteElo "2456"]
[BlackElo "2560"]
[EventDate "2003.12.27"]

1. c4 c5 2. g3 g6 3. Bg2 Bg7 4. Nc3 e6 5. Rb1 Ne7 6. Na4 Na6 7. Nf3 d5 8.
b3 O-O 9. O-O e5 10. a3 Rb8 11. cxd5 Nxd5 12. Bb2 Re8 13. e4 Ndc7 14. Qc1
b6 15. Ba1 Bb7 16. Re1 Nb5 17. b4 Rc8 18. bxc5 Nxc5 19. Nxc5 Rxc5 20. Qb2
Nc7 21. Qa2 Ne6 22. Bc3 Qa8 23. Rb4 a5 24. Rxb6 Bxe4 25. Nh4 Bxg2 26. Nxg2
Ng5 27. Reb1 Nh3+ 28. Kh1 Nxf2+ 29. Kg1 Nh3+ 30. Kh1 h5 31. Rb7 Rf8 32. Qb3
Qc8 33. Rf1 Ng5 34. h4 Qh3+ 35. Kg1 Ne6 36. Ba1 Bh6 37. Qf3 Nd8 38. d4 exd4
39. Rb8 Rf5 40. Nf4 Bxf4 41. gxf4 Qxf3 42. Rxf3 Ne6 0-1

[Event "33rd Rilton Cup"]
[Site "Stockholm SWE"]
[Date "2003.12.02"]
[Round "6"]
[White "Eriksson,Joh"]
[Black "Volke,K"]
[Result "1/2-1/2"]
[WhiteElo "2414"]
[BlackElo "2467"]
[EventDate "2003.12.27"]

1. d4 Nf6 2. c4 e6 3. Nc3 Bb4 4. e3 O-O 5. a3 Bxc3+ 6. bxc3 c5 7. Bd3 d5 8.
cxd5 exd5 9. Ne2 b6 10. O-O Ba6 11. Bxa6 Nxa6 12. f3 Qd7 13. Qd3 Nc7 14. e4
Qb5 15. Qxb5 Nxb5 16. a4 Nc7 17. Bg5 dxe4 18. Bxf6 exf3 19. Rxf3 gxf6 20.
dxc5 bxc5 21. Nf4 Rfd8 22. Nh5 Ne8 23. Re1 Rd6 24. Rf5 Re6 25. Ref1 Rc8 26.
Nxf6+ 1/2-1/2

[Event "33rd Rilton Cup"]
[Site "Stockholm SWE"]
[Date "2003.12.02"]
[Round "6"]
[White "Cramling,P"]
[Black "Hansen,TR"]
[Result "1/2-1/2"]
[WhiteElo "2470"]
[BlackElo "2335"]
[EventDate "2003.12.27"]

1. d4 f5 2. g3 Nf6 3. Bg2 g6 4. b3 Bg7 5. Bb2 O-O 6. Nf3 d6 7. O-O c6 8. c4
a5 9. Nbd2 Na6 10. Qc2 Nb4 11. Qb1 Qb6 12. a3 Na6 13. Qc2 Bd7 14. Rac1 Rae8
15. Bc3 Qc7 16. b4 axb4 17. axb4 e5 18. dxe5 dxe5 19. e4 c5 20. b5 Nb4 21.
Bxb4 cxb4 22. Qb3 Bh6 23. c5+ Be6 24. Qxb4 fxe4 25. Nxe4 Bxc1 26. Rxc1 Nxe4
27. Qxe4 Bf5 28. Qd5+ Kg7 29. b6 Qe7 30. Re1 e4 31. Nd4 Rd8 32. Qc4 Qe5 33.
Nc2 Rc8 34. Bxe4 Bxe4 35. Rxe4 Qxc5 36. Qxc5 Rxc5 37. Nd4 Rc1+ 38. Kg2 Rf6
39. Re7+ Rf7 40. Ne6+ Kf6 41. Rxf7+ Kxf7 42. Nd8+ Ke7 43. Nxb7 Rc6 1/2-1/2

[Event "33rd Rilton Cup"]
[Site "Stockholm SWE"]
[Date "2003.12.02"]
[Round "6"]
[White "Gullaksen,E"]
[Black "Tetenkina,I"]
[Result "1/2-1/2"]
[WhiteElo "2370"]
[BlackElo "2197"]
[EventDate "2003.12.27"]

1. e4 e6 2. d4 d5 3. Nc3 dxe4 4. Nxe4 Nd7 5. Nf3 Ngf6 6. Bd3 Nxe4 7. Bxe4
Nf6 8. Bg5 c5 9. O-O h6 10. Bxf6 gxf6 11. Qe2 cxd4 12. Rfd1 Qb6 13. Nxd4
Be7 14. c3 Bd7 15. Rd2 O-O-O 16. a4 f5 17. a5 Qc7 18. Bf3 Bg5 19. Nb5 Bxb5
20. Rxd8+ Rxd8 21. Qxb5 a6 22. Qb3 Rd2 23. Ra4 Kd8 24. g3 Qc5 25. Rd4+ Rxd4
26. cxd4 Qxa5 27. Qxb7 Qc7 28. Qxa6 Qc1+ 29. Kg2 Qxb2 30. Qd6+ Kc8 31. Qf8+
Kd7 32. Qxf7+ Kd6 33. Qg7 Qd2 34. Qe5+ Kd7 35. d5 exd5 36. Bxd5 Be7 37.
Qxf5+ Kd8 38. Bb7 Qd7 39. Qf3 Qd6 40. h4 Bf6 41. Be4 Bd4 42. Qf5 Qf6 43.
Qd5+ Ke7 44. f4 Bb6 45. Qb7+ Kf8 46. Qc8+ Ke7 47. Bf5 Qb2+ 48. Kh3 Qf6 49.
Kg4 Bf2 50. Kh3 Bb6 51. Qd7+ Kf8 52. Be6 Qe7 53. Qd5 Bc7 54. Qf5+ Kg7 55.
Bc4 Bd6 56. Qg4+ Kf6 57. Qg8 Qf8 58. Qe6+ Kg7 59. h5 Kh8 60. Kg2 Be7 61.
Kf3 Bf6 62. Kg4 Bd4 63. Bd5 Bc3 64. Kf3 Bf6 65. g4 Bg5 66. Qe5+ Bf6 67. Qc7
Qa3+ 68. Kg2 Qb2+ 69. Kh1 Qa1+ 70. Kh2 Qb2+ 71. Bg2 Qd2 72. Qc8+ Qd8 73.
Qf5 Qd6 74. Kg3 Bg5 75. Be4 Kg7 76. Kf3 Bh4 77. Qh7+ Kf8 78. Qh8+ Ke7 79.
Qg7+ Kd8 80. Qg8+ Ke7 81. Qb3 Qc5 82. Bd5 Bf6 83. Ke4 Kf8 84. Kf5 Kg7 85.
Qb7+ Qe7 86. Qc8 Qd8 87. Qc6 Qf8 88. Ke4 Qb4+ 89. Bc4 Qb1+ 90. Kd5 Qh1+ 91.
Kd6 Qxc6+ 92. Kxc6 Bh4 93. Kd5 Kf6 1/2-1/2